Per aspera ad astra megemlékezés a honfoglalás 1100. és az Erzsébet Tudományegyetem Pécsre költözésének 75. évfordulójáról

Bibliographic Details
Other Authors: Nagy Ferencné (Compiler)
Format: Book
Language:Hungarian
PhysicalDescription:116 strán fotografie 24 cm
Published: Pécs JPTE 1997
ISBN:9636415196
Subjects:

MARC

LEADER 00000cam a2200000 a 4500
001 vtls001365515
003 SK-MaSNL
005 20260425225043.0
008 220509s1997 hu o frn 10000 hun
015 |a SNBZSA1999-00180 
020 |a 9636415196 
035 |a SNK000319169 
035 |a urn:nbn:sk:snk-am3izqk 
035 |a 6A03FD76-3F26-499D-A216-4D4111C11DD2 
035 |a urn:nbn:sk:snk-am00gg27 
040 |a SNK  |b slo  |c SNK  |e AACR2 
041 0 |a hun 
043 |a e-xo---  |a e-hu--- 
044 |a hu  |c HU 
072 7 |a 378  |x Vysoké školy  |2 konspekt 
080 |a 378(437.6+439)(091)(082)=945.11  |2 1981 
080 |a 378.4  |2 2011 
080 |a (437.6)  |2 2011 
080 |a (439)  |2 2011 
080 |a (082)  |2 2011 
080 |a 378  |2 2011 
245 0 0 |a Per aspera ad astra  |b megemlékezés a honfoglalás 1100. és az Erzsébet Tudományegyetem Pécsre költözésének 75. évfordulójáról  |c szerkesztette: Nagy Ferencné 
260 |a Pécs  |b JPTE  |c 1997 
300 |a 116 strán  |b fotografie  |c 24 cm 
504 |a Obsahuje bibliografické odkazy 
610 2 7 |a Alžbetínska univerzita v Bratislave  |2 SNKKA  |9 232869 
610 2 7 |a Alžbetínska univerzita (Pécs, Maďarsko)  |2 SNKKA  |9 387478 
648 7 |a 1912-1919  |2 SNKPH  |9 387479 
648 7 |a 1921-1996  |2 SNKPH  |9 387480 
650 0 7 |a univerzity  |2 SNKPH  |9 22152 
650 0 7 |a vysokoškolské štúdium  |2 SNKPH  |9 4044 
651 7 |a Slovensko  |2 SNKPHgeo  |9 14231 
651 7 |a Maďarsko  |2 SNKPHgeo  |9 16754 
655 7 |a zborníky konferencií  |2 SNKPH  |9 70153 
700 1 |a Nagy Ferencné  |4 com  |9 387481 
919 |a 963-641-519-6 
958 |a ART 
958 |a ZS 
958 |a TL 
958 |a HU 
958 |a ZB 
958 |a NB 
958 |a OND 
999 |c 635383  |d 637313 
952 |t P60, <03>, [BOOK], {603}  |a SNK  |b SNK  |y PREZ  |7 0  |p 17A0197346  |o snkSC 98999  |i snkV 723/99  |0 0  |1 0  |4 0  |d 1999-06-18  |l 0  |r 2025-09-18 00:00:00  |w 2026-02-23